LEADER 01014nam a2200217 i 4500 001 000000067641 003 CaOOAMICUS 005 20100601000000.0 008 100601s1925 it u000 u ita u 013 $a38813 040 $aSeMil$bita 100 1 $aTilgher, Adriano,$d<1887-1941>.$0(OLS)http://semarc/name/5530 245 13$aLo spaccio del bestione trionfante :$bstroncatura di Giovanni Gentile : un libro per filosofi e non-filosofi /$cAdriano Tilgher. 260 $aTorino :$bP. Gobetti,$c1925. 300 $a89 p. ;$c20 cm. 600 14$aGentile, Giovanni <1875-1944>.$0(OLS)http://semarc/subject/25 650 4$aAttualismo - Filosofia.$0(OLS)http://semarc/subject/3649 850 $aSeMil 852 $aSeMil$W1$xVenegono$y1$m2O I 205$j33794$B33794$CSeMilBibl$Z2$F33797 $81 996 $6245$aLo spaccio del bestione trionfante :$bstroncatura di Giovanni Gentile : un libro per filosofi e non-filosofi$9(OLS)http://semarc/title/107801 996 $6260$aTorino :$bP. Gobetti$9(OLS)http://semarc/publisher/35440 LEADER 00994nam a2200229 i 4500 001 000000108103 003 CaOOAMICUS 005 20041228000000.0 008 041228s2004 it u000 u ita u 013 $a80670 040 $aSeMil$bita 245 13$aLa nuova Scala :$bil cantiere, il restauro e l'architettura /$cfotografie di Enrico Lonati. 260 $aVenezia :$bMarsilio,$c2004. 300 $a229 p. :$briccamente ill. ;$c30 cm. 650 4$aMilano - Teatro alla Scala.$0(OLS)http://semarc/subject/16765 650 4$aMilano - Teatro alla Scala - Restauro.$0(OLS)http://semarc/subject/19018 700 1 $aLonati, Enrico.$0(OLS)http://semarc/name/45413 850 $aSeMil 852 $aSeMil$W1$xVenegono$y1$m5R XI 49$j64199$B64199$CSeMilBibl$Z2$F90802 $81 961 $aOmaggio: Ferrario mons. Emilio 996 $6245$aLa nuova Scala :$bil cantiere, il restauro e l'architettura$9(OLS)http://semarc/title/156688 996 $6260$aVenezia :$bMarsilio$9(OLS)http://semarc/publisher/30231 LEADER 00593naa a2200157 i 4500 001 000000294678 003 CaOOAMICUS 005 20180831172511.0 008 180831n xx u000 u und u 013 $a1955 040 $aSeMil$bita 100 1 $aPaparella, Bruno.$0(OLS)http://semarc/name/85144 245 13$aLa formazione permanente. 650 4$aFormazione professionale.$0(OLS)http://semarc/subject/16189 773 0 $tCultura e pastorale verso gli anni '80.$dMilano : Università Cattolica del Sacro Cuore, stampa 1977.$w()44486 996 $6245$aLa formazione permanente$9(OLS)http://semarc/title/370756